| 000 | 01309ntm a2200289 a 4500 | ||
|---|---|---|---|
| 001 | 75573 | ||
| 003 | BD-RjUL | ||
| 005 | 20211209082718.0 | ||
| 008 | 190427s2016 bg a|||| bm|| 00| 0 eng d | ||
| 035 | _a(BD-RjUL)75791 | ||
| 040 |
_aBD-RjUL _beng _cBD-RjUL _dBD-RjUL |
||
| 041 | _aeng | ||
| 082 |
_223 _a551.490954924 _bMOG 2016 |
||
| 100 | 1 |
_aMondal, A. H. M. Firoz Kabir _9231239 |
|
| 245 | 1 | 0 |
_aGround Water Arsenic Contamination and its accumulation into different varieties of rice / _cby A. H. M. Firoz Kabir Mondal ; _6Principal Supervisor: Md. Abul Kalam Azad ; Co-Supervisor: Ismail Hossain, Md. Moniruzzaman |
| 260 |
_aRajshahi : _bInstitute of Environmental Science, R. U. , _c2016 |
||
| 300 |
_axvii, 263 leaves : _bIll. ; _c30 cm. |
||
| 502 | _aThesis (Ph. D.) -- Institute of Environmental Science, R. U. , 2016 | ||
| 504 | _aReferences: Leaves 237-254 | ||
| 650 |
_aGroundwater _xPollution _zBangladesh. _zNawabganj District _9231240 |
||
| 650 |
_aArsenic _xEnvironmental aspects _zBangladesh. _zNawabganj District _9231241 |
||
| 650 |
_aPlants _xEffect of arsenic on. _9231242 |
||
| 700 |
_aAzad, Md. Abul Kalam, Principal Supervisor _9231243 |
||
| 700 |
_aHossain, Ismail, Co-Supervisor _9231244 |
||
| 700 |
_aMoniruzzaman, Md. , jt. Co-Supervisor _935664 |
||
| 942 |
_2ddc _cTHE |
||
| 999 |
_c75573 _d75573 |
||